[Event "Suedniedersachsen distr-ch"]
[Site "Bad Salzdetfurth"]
[Date "2004.10.15"]
[Round "1"]
[White "Belov, Igor2222"]
[Black "Thormann, Markus"]
[Result "1-0"]
[WhiteElo "2091"]
[BlackElo "1661"]
[PlyCount "79"]
[EventDate "2004.10.15"]
[EventType "swiss"]
[EventRounds "5"]
[EventCountry "GER"]
[SourceTitle "EXT 2008"]
[Source "ChessBase"]
[SourceDate "2007.11.25"]
[SourceVersion "1"]
[SourceVersionDate "2007.11.25"]
[SourceQuality "1"]

1. c4 Nf6 2. Nc3 g6 3. e4 d6 4. g3 Bg7 5. Bg2 0-0 6. Nge2 e5 7. 0-0 Nc6 8. d3 a6 9. h3 Bd7 10. Rb1 Rb8 11. Kh2 b5 12. b3 Nd4 13. Nxd4 exd4 14. Ne2 c5 15. Bd2 bxc4 16. bxc4 Qc7 17. Qc2 Rxb1 18. Rxb1 Rb8 19. Rb3 Bf8 20. Ba5 Qc8 21. Qb2 Rxb3 22. axb3 Bc6 23. Qd2 Be7 24. b4 Kg7 25. f4 Nd7 26. g4 h6 27. Qb2 g5 28. b5 axb5 29. cxb5 Bb7 30. Bd2 gxf4 31. Bxf4 Ne5 32. Qd2 Qh8 33. Ng3 Bc8 34. Nf5+ Bxf5 35. exf5 h5 36. g5 f6 37. g6 h4 38. Bxe5 fxe5 39. Qa2 Qf8 40. Qe6 1-0